| 000 | 00688nam a22001817a 4500 | ||
|---|---|---|---|
| 999 |
_c178568 _d178568 |
||
| 005 | 20210406171211.0 | ||
| 010 | _aENG-129374 | ||
| 020 |
_a978-93-5388-376-8 _c1595.00 |
||
| 035 | _aEN-112906 | ||
| 037 | _bDBAD/PUB | ||
| 082 | _a338.19 | ||
| 245 |
_aFoods and Power: Expressions of Food- Politics in South Asia _cedited by Kanchan Mukhopadhyay |
||
| 260 |
_aNew Delhi _bSage Publication India _c2020 |
||
| 270 |
_aB1/1-1 Mohan Cooperative Industrial Area Mathura Road _bNew Delhi _e110044 |
||
| 300 |
_axviii+424p. _c24cm(hbk) _bIncluding illustrations, index and bibliographical references. |
||
| 700 | _aMukhopadhyay, Kanchan, Ed. | ||
| 942 |
_2ddc _cEN _h338.19 _mFOO |
||